00770cam a2200241 a 4500001001000000003000900010005001700019008004100036035001900077040002500096082002300121100004200144245004900186260006700235300002800302504003200330586004000362650002100402650002700423650002800450650002000478650003000498000010775DO-SdBNP20250617120532.0830622s1982 cu af b 000 0 spa  a(DLC) 83164764 aDO-SdBNPcDLCdBNPHU a326.97291bS715ñ1 aSosa Rodríguez, Enrique,d1930-200214aLos ñañigos /cEnrique Sosa Rodríguez. aCiudad de La Habana, (Cuba) :bCasa de las Américas,cc1982. a464 p. :bil. ;c19 cm. aBibliografía: p. 453-464. aPremio casa de las américas 1982. 0aEsclavitudzCuba 4aGrupos étnicoszCuba 0aTrata de esclavoszCuba 4aMestizajezCuba 4aSociedades secretaszCuba